प्रमुख अमेरिकी कथाकारों की श्रेष्ठ कहानियाँ / (Record no. 38484)

MARC details
000 -LEADER
fixed length control field 01216nam a22002057a 4500
005 - DATE AND TIME OF LATEST TRANSACTION
control field 20100731160135.0
010 ## - LCCN (DPL NO)
LC control number HIN-89914
020 ## - INTERNATIONAL STANDARD BOOK NUMBER
Terms of availability 250.00
International Standard Book Number 8180990931
035 ## - SYSTEM CONTROL NUMBER
System control number HN-62260
037 ## - SOURCE OF ACQUISITION
Source of stock number/acquisition DBAD/PUB
082 ## - DEWEY DECIMAL CLASSIFICATION NUMBER
Classification number 883
245 ## - TITLE STATEMENT
Title प्रमुख अमेरिकी कथाकारों की श्रेष्ठ कहानियाँ /
Statement of responsibility, etc मोज़ेज़ माइकेल द्वारा संकलित, संपादित एंव अनुवादित
246 ## - VARYING FORM OF TITLE
Title proper/short title Pramukh Amriki Kathakaron Ki Shreshta Kahaniyan
Remainder of title Edited, Translated & Compiled by Yatindra Nath Gaur
260 ## - PUBLICATION, DISTRIBUTION, ETC. (IMPRINT)
Place of publication, distribution, etc नई दिल्ली
Name of publisher, distributor, etc झारीसन प्रेस एण्ड पब्लिकेशन्स
Date of publication, distribution, etc 2010
270 ## - ADDRESS
Address आई-2/16, अंसारी रोड़, दरियागंज
City नई दिल्ली
Postal code 110002
Telephone number 011-23279853
300 ## - PHYSICAL DESCRIPTION
Extent 168पृ.
Dimensions 22सेमी (सजिल्द)
700 ## - ADDED ENTRY--PERSONAL NAME
9 (RLIN) 1054
Personal name माइकेल, मोज़ेज़
942 ## - ADDED ENTRY ELEMENTS (KOHA)
Source of classification or shelving scheme Dewey Decimal Classification
Item type Hindi Books
Classification part 883
Call number suffix प्रमुख
Holdings
Withdrawn status Lost status Not for loan Collection code Home library Current library Date acquired Source of acquisition Cost, normal purchase price Full call number Barcode Copy number Cost, replacement price Koha item type
    Not For Loan Non-fiction D.B.Act.Division D.B.Act.Division 31/07/2010 DBAD / PUB 250.00 883 प्रमुख HN-62260 1 250.00 Hindi Books

© Delhi Public Library
Hit Counter
free hit counter